Aplikácia IFRS z pohľadu vykazovania pre oblasť nákladov vybraných účtovných jednotiek diplomová práca

Enregistré dans:
Détails bibliographiques
Auteur principal: Kiacová, Mária
Collectivité auteur: Fakulta hospodárskej informatiky EU. Katedra účtovníctva a audítorstva
Autres auteurs: Mokošová, Daša, 1979-
Format: Livre
Langue:slovaque
Publié: Bratislava 2021
Tags: Ajouter un tag
Pas de tags, Soyez le premier à ajouter un tag!

MARC

LEADER 00000nbm a2200000 4500
001 0274597
005 20220323133603.2
041 0 |a slo 
044 |a SK 
245 1 0 |a Aplikácia IFRS z pohľadu vykazovania pre oblasť nákladov vybraných účtovných jednotiek  |b diplomová práca  |c Mária Kiacová ; školiteľ: Daša Mokošová 
264 1 |a Bratislava  |c 2021 
300 |a 75 s. 
100 1 |a Kiacová, Mária 
700 1 |a Mokošová, Daša, 1979- 
710 2 |a Fakulta hospodárskej informatiky EU. Katedra účtovníctva a audítorstva